Abundant numbers 1-100 - Statistics

General Stats
  • This quiz has been taken 40 times
  • The average score is 20 of 22
Answer Stats
Answer % Correct
100
94%
12
94%
18
92%
66
92%
88
92%
90
92%
96
92%
20
89%
24
89%
30
89%
36
89%
40
89%
42
89%
48
89%
54
89%
56
89%
60
89%
70
89%
72
89%
78
89%
80
89%
84
89%
No matching quizzes found
Score Distribution
Percent of People with Each Score
Percentile by Number Answered
Your Score History
You have not taken this quiz